15 Ciudades más pobladas de Canadá - Estadísticas

Estadísticas generales
  • Esta prueba ha sido intentada 27 veces
  • La puntuación promedio es 8 de 15
Estadísticas de respuestas
Población Ciudad % Correcto
2,8M Toronto
96%
1M Ottawa
92%
1,8M Montreal
88%
662k Vancouver
88%
1,3M Calgary
75%
549k Quebec City
75%
1M Edmonton
67%
750k Winnipeg
67%
440k Halifax
33%
422k London
33%
570k Hamilton
17%
656k Brampton
13%
568k Surrey
13%
438k Laval
8%
717k Missisauga
8%
No se encontraron pruebas coincidentes
Distribución de puntuación
Porcentaje de gente con cada puntuación
Porcentaje por número respondido
Historial de tus puntuaciones
No has intentado esta prueba.